000 00615nam a22001937a 4500
003 UA-OsUOA
001 12569
007 ta
008 20050525b un ||||| |||| 00| 0 ukr d
100 _aМокряк В.
700 _aМокряк Е.
942 _cSA
040 _aUA-OsUOA
_cUA-OsUOA
_dUA-OsUOA
245 _aДо питання про сучасне трактування капіталістичної приватної власності
300 _aС.58- 65
955 _a0
773 0 _w0
_tЕкономіка України
_dКиїв
_d2005
_g№5
650 7 _aЕкономічна теорія
_2UDC
999 _c298730
_d298730